IFM Opac

Business English (Record no. 21712)

MARC details
000 -LEADER
fixed length control field 00394nam a22001457a 4500
005 - DATE AND TIME OF LATEST TRANSACTION
control field 20221006144235.0
008 - FIXED-LENGTH DATA ELEMENTS--GENERAL INFORMATION
fixed length control field 221006b |||||||| |||| 00| 0 eng d
020 ## - INTERNATIONAL STANDARD BOOK NUMBER
International Standard Book Number 0000017827
082 ## - DEWEY DECIMAL CLASSIFICATION NUMBER
Classification number 428.208865
100 ## - MAIN ENTRY--PERSONAL NAME
Personal name Guffey, Mary Ellen
245 ## - TITLE STATEMENT
Title Business English
260 ## - PUBLICATION, DISTRIBUTION, ETC.
Place of publication, distribution, etc. Los Angeles:
Name of publisher, distributor, etc. Kent Publishing Company,
Date of publication, distribution, etc. 1983
300 ## - PHYSICAL DESCRIPTION
Extent viii,316, i_1-i_4p.:ill.;27cm
942 ## - ADDED ENTRY ELEMENTS (KOHA)
Source of classification or shelving scheme Dewey Decimal Classification
Koha item type Books
Suppress in OPAC No
Holdings
Withdrawn status Lost status Source of classification or shelving scheme Damaged status Not for loan Home library Current library Shelving location Date acquired Total Checkouts Full call number Barcode Date last seen Price effective from Koha item type
    Dewey Decimal Classification     IFM Main Campus Library IFM Main Campus Library Special Reserve Collection 10/06/2022   428.208865 GUF 0000017827 10/06/2022 10/06/2022 Books